Estatísticas para 3 países mais importantes por continente

Clique aqui para jogar o quiz

Estatísticas Gerais

  • Esse quiz foi jogado 289 vezes
    (288 desde o último reset)
  • A pontuação média é 17 de 18

Estatísticas das Respostas

HintResposta% Correto
América do SulArgentina
100%
América do SulBrasil
100%
América do NorteCanadá
100%
América do NorteEstados Unidos
100%
ÁsiaChina
99%
América do NorteMéxico
99%
EuropaAlemanha
98%
América do SulColômbia
98%
EuropaFrança
98%
ÁsiaJapão
98%
OceaniaAustrália
97%
ÁfricaÁfrica do Sul
96%
EuropaReino Unido
95%
OceaniaNova Zelândia
93%
ÁsiaRússia
92%
ÁfricaEgito
85%
ÁfricaNigéria
77%
OceaniaPapua Nova Guiné
77%

Distribuição das Pontuações

Percentil de Números Respondidos

Porcentagem de Pessoas com Cada Pontuação

Sua Pontuação Histórica

Você não jogou esse quiz desde o último reset